00837nam 2200229u 4500001000800000005001700008008004100025035002100066906004500087010001700132040001900149050001600168100004400184245007600228260004000304300002900344650004900373650006000422700005700482991003900539099002900578808472900000000000000.0821124s1975 xx c 000 0aeng  9(DLC) 75016981 a0bcbccpremunvduencipf19gy-gencatlg a 75016981  aDLCcCarPdDLC00aM63.L47bL51 aLennon, John,d1940- [from old catalog]10aLennon & McCartney for recorder : [with lyrics and guitar acc. chords]  aNew York : Amsco Music Co.,cc1975. a80 p.b: port. ;c28 cm. 0aRecorder music, Arranged. [from old catalog] 0aRecorder and guitar music, Arranged. [from old catalog]1 aMcCartney, Paul, [from old catalog]ejoint composer. bc-MusichM63.L47iL5tCopy 1wPREM alennon-lennon-1071953305